书目信息 |
| 题名: |
结晶学与岩相学
|
|
| 作者: | 鲁伟明 主编 | |
| 分册: | ||
| 出版信息: | 北京 化学工业出版社 2008.01 |
|
| 页数: | 278页 | |
| 开本: | 30cm | |
| 丛书名: | ||
| 单 册: | ||
| 中图分类: | P586 | |
| 科图分类: | ||
| 主题词: | 岩石学 , 岩相 | |
| 电子资源: | ||
| ISBN: | 978-7-122-01065-0 | |
| 000 | 01067nam0 0000241 450 | |
| 001 | 521099 | |
| 005 | 20100812163008.75 | |
| 010 | @a978-7-122-01065-0@dCNY35.00 | |
| 100 | @a20100515d2008 em y0chiy0121 ea | |
| 101 | @achi | |
| 102 | @aCN@b110000 | |
| 105 | @aa a 000yy | |
| 200 | 10 | @a结晶学与岩相学@Ajie jing xue yu yan xiang xue@f鲁伟明主编 |
| 210 | @a北京@c化学工业出版社@d2008.01 | |
| 215 | @a278页@c图@d30cm | |
| 320 | @a有书目 | |
| 330 | @a全书共分为四大部分:基础理论部分1-3章,对结晶学、矿物岩石学、晶体光学等相关基础知识进行阐述;无机材料岩相学的研究方法部分第4-5章,详细系统介绍了光学显微镜鉴定晶体矿物的基本原理和方法;无机材料岩相分析部分第6-9章,分别介绍陶瓷、玻璃、水泥熟料、耐火材料等产品的矿物组成和显微强构特征,及其与生主工艺条件、产品性能的关系等;附录部分,以表硌形式分别列出元机材料工业原料和制品中常见矿物的主要光学性质、鉴定特征,并扼要介绍它们在元机材料制品中的出处及其主要特征。 | |
| 606 | 0 | @a岩石学 |
| 606 | 0 | @a岩相 |
| 690 | @aP586@v4 | |
| 701 | 0 | @a鲁伟明@Alu wei ming@4主编 |
| 801 | 0 | @aCN@c20100515 |
| 905 | @eL823@dP586@f5 | |
| 结晶学与岩相学/鲁伟明主编.-北京:化学工业出版社,2008.01 |
| 278页:图;30cm |
| ISBN 978-7-122-01065-0:CNY35.00 |
| 全书共分为四大部分:基础理论部分1-3章,对结晶学、矿物岩石学、晶体光学等相关基础知识进行阐述;无机材料岩相学的研究方法部分第4-5章,详细系统介绍了光学显微镜鉴定晶体矿物的基本原理和方法;无机材料岩相分析部分第6-9章,分别介绍陶瓷、玻璃、水泥熟料、耐火材料等产品的矿物组成和显微强构特征,及其与生主工艺条件、产品性能的关系等;附录部分,以表硌形式分别列出元机材料工业原料和制品中常见矿物的主要光学性质、鉴定特征,并扼要介绍它们在元机材料制品中的出处及其主要特征。 |
| ● |
| 相关链接 |
|
|
|
正题名:结晶学与岩相学
索取号:P586/L823
 
预约/预借
| 序号 | 登录号 | 条形码 | 馆藏地/架位号 | 状态 | 备注 |
| 1 | 1025739 | 210257390 | 自科库401/401自科库 68排2列1层/ [索取号:P586/L823] | 在馆 | |
| 2 | 1025740 | 210257407 | 期刊室512/401自科库 124排2列2层/ [索取号:P586/L823] | 在馆 | |
| 3 | 1025741 | 210257416 | 自科库401/401自科库 68排2列1层/ [索取号:P586/L823] | 在馆 | |
| 4 | 1025742 | 210257425 | 期刊室512/401自科库 124排2列2层/ [索取号:P586/L823] | 在馆 | |
| 5 | 1025743 | 210257434 | 期刊室512/401自科库 124排2列2层/ [索取号:P586/L823] | 在馆 |